书目信息 |
| 题名: |
雷达有源干扰技术及系统设计
|
|
| 作者: | 甘荣兵 , 赵耀东 , 汤广富 编著 | |
| 分册: | ||
| 出版信息: | 北京 国防工业出版社 2020.01 |
|
| 页数: | 28, 291页, 16页图版 | |
| 开本: | 24cm | |
| 丛书名: | 现代电子战技术丛书 | |
| 单 册: | ||
| 中图分类: | TN972 | |
| 科图分类: | ||
| 主题词: | 有源干扰--you yuan gan rao--系统设计 | |
| 电子资源: | ||
| ISBN: | 978-7-118-11949-7 | |
| 000 | 01314nam 2200313 450 | |
| 001 | 0100015555 | |
| 005 | 20201024210217.0 | |
| 010 | @a978-7-118-11949-7@dCNY119.00 | |
| 100 | @a20200430d2020 em y0chiy50 ea | |
| 101 | 0 | @achi@eeng |
| 102 | @aCN@b110000 | |
| 105 | @aaf a 000yy | |
| 106 | @ar | |
| 200 | 1 | @a雷达有源干扰技术及系统设计@Alei da you yuan gan rao ji shu ji xi tong she ji@d= Techniques and system design of radar active jamming@f甘荣兵, 赵耀东, 汤广富等编著@zeng |
| 210 | @a北京@c国防工业出版社@d2020.01 | |
| 215 | @a28, 291页, 16页图版@c图@d24cm | |
| 225 | 2 | @a现代电子战技术丛书@Axian dai dian zi zhan ji shu cong shu |
| 300 | @a国防科技图书出版基金 “十三五”国家重点出版物出版规划项目 | |
| 320 | @a有书目 | |
| 330 | @a本书论述了雷达有源干扰技术的现状, 并重点探讨雷达有源干扰系统的设计思路和方法。全书共分为10章, 主要内容包括: 雷达干扰概述、雷达有源干扰技术原理、雷达有源干扰系统设计等。 | |
| 410 | 0 | @12001 @a现代电子战技术丛书 |
| 510 | 1 | @aTechniques and system design of radar active jamming@zeng |
| 606 | 0 | @a有源干扰@Ayou yuan gan rao@x系统设计 |
| 690 | @aTN972@v5 | |
| 701 | 0 | @a甘荣兵@Agan rong bing@4编著 |
| 701 | 0 | @a赵耀东@Azhao yao dong@4编著 |
| 701 | 0 | @a汤广富@Atang guang fu@4编著 |
| 801 | 0 | @aCN@c20200430 |
| 905 | @a河南城建学院图书馆@dTN972@f1@eG023 | |
| 雷达有源干扰技术及系统设计= Techniques and system design of radar active jamming/甘荣兵, 赵耀东, 汤广富等编著.-北京:国防工业出版社,2020.01 |
| 28, 291页, 16页图版:图;24cm.-(现代电子战技术丛书) |
| 国防科技图书出版基金 “十三五”国家重点出版物出版规划项目 |
| ISBN 978-7-118-11949-7:CNY119.00 |
| 本书论述了雷达有源干扰技术的现状, 并重点探讨雷达有源干扰系统的设计思路和方法。全书共分为10章, 主要内容包括: 雷达干扰概述、雷达有源干扰技术原理、雷达有源干扰系统设计等。 |
| ● |
| 相关链接 |
|
|
|
正题名:雷达有源干扰技术及系统设计
索取号:TN972/G023
 
预约/预借
| 序号 | 登录号 | 条形码 | 馆藏地/架位号 | 状态 | 备注 |
| 1 | 1496850 | 214968506 | 自科库301/301自科库 101排1列5层/ [索取号:TN972/G023] | 在馆 |